00421nam a2200145Ia 4500003000400000005001700004008004100021040000900062082001700071100002900088245007400117260005200191300000900243650002300252OSt20201116100500.0190216s9999||||xx |||||||||||||| ||und|| coclc a428.4bBRA/I aBracken, Dorothy Kandell 0aImproving Reading Ability Around The World /cDorothy Kendall Bracken bInternational Reading Association,c1978.aUSA: a244p aEnglish Literature